| 000 | 00714cam a2200301ua 4500 | ||
|---|---|---|---|
| 020 | _c5.00 | ||
| 041 |
_amal _h |
||
| 082 |
_a632 _bJOS/SA |
||
| 100 | _aJoseph, A K . | ||
| 245 |
_aSasyasamrakshanam / _cA K Joseph. _hTextual Documents |
||
| 250 |
_a1 / _b. |
||
| 260 |
_aThiruvananthapuram : _bState Instititute of Languages , _c1970. |
||
| 300 | _a190 ; . | ||
| 365 | _a5.00 | ||
| 504 | _a | ||
| 942 | _cBK | ||
| 999 |
_c10857 _d10857 |
||